000 00386cam a2200145ua 4500
041 _amal
_h
082 _a894.8122
_bRAM/BH
100 _aRamakrishna pillai, K .
245 _aBharathan /
_cK.Ramakrishna pillai.
_hTextual Documents
260 _aKottayam :
_bSahitya Pravarthaka Co-operative Society ,
_c1955.
300 _a89 ; .
504 _a
942 _cBK
999 _c1195
_d1195